| 000 | 01658nam a2200301Ia 4500 | ||
|---|---|---|---|
| 001 | 13605 | ||
| 003 | IT-RoPAU | ||
| 008 | 130308s9999 xx 000 0 und d | ||
| 040 | _aIT-RoPAU | ||
| 040 | _cIT-RoPAU | ||
| 041 | _aITALIANO | ||
| 100 | _aBarilli Renato | ||
| 100 | _gCodice Aut. SPICS: 9544 | ||
| 245 | _aRetorica (La) | ||
| 245 | _bRetorica (La) | ||
| 250 | _a1a ed. | ||
| 260 | _aMILANO | ||
| 260 | _bISEDI | ||
| 260 | _c1979 [1° Ed.:1979 - Ed.Ling.Originale:1979] | ||
| 300 | _a"180 p. (prefazione: 6; testo: 174)" | ||
| 500 | _aEta'Greca Origini della Retorica e Sofisti Platone Retorica di Aristotele tra Forma e Contenuto Età Romana Cicerone e Il Primato della Retorica Quintiliano Medioevo Patristica e Agostino Boezio e la Scolastica Spirito Dialettico del XIII Secolo Caso di Dante Umanesimo e Rinascimento Retorica e Dialettica in Lorenzo Valla Recupero Umanistico della Dialettica Remismo Età moderna e Declino della Retorica Retorica e barocco Cartesio Pascal Leibnizbacone e L'Empirismo Vico Particolare Retorico e Universale Logico Sensismo Età Contemporanea Kant Hegel e Il superamento della Retorica tra Romanticismo e Positivismo condanna Rigorosa del croce riscatto Contemporaneo della Retorica Critica del vero e ritorno al Probabilismo Teoria dell'argomentazione di Perelman micro Retorica di Freud e Saussure Retorica e Letteraturalinea sintetica degli Anglosassoni e Linea Analitica dei Formalisti russi Retorica e Media tecnologici McLuhan Vitalità della Retorica | ||
| 650 | _aLINGUISTICA | ||
| 650 | _eCodice materia Spics: 3201 | ||
| 942 | _cBK | ||
| 957 | _71 | ||
| 999 |
_c65653 _d65653 |
||
| 999 | _bSI | ||
| 999 | _g1 | ||